| 000 | 00703cab a2200181 4500 | ||
|---|---|---|---|
| 001 | ##L133932 | ||
| 008 | 050617n2006 000 0 eng u | ||
| 035 | _a(Sirsi) u133932 | ||
| 041 | 0 | _aeng | |
| 245 | 0 | 0 | _aEuropean property fund management |
| 260 | _c2006 | ||
| 490 | 0 |
_aEuroProperty _vMay 2006 (16) (LOAN) |
|
| 520 | _aSeries of articles on property fund management in Europe, looking at market growth, open-ended funds, French OPCIs, funds of funds, the "Europroperty"/INREV annual fund managers survey, fund closures, and fund managers' fees. | ||
| 590 | _aIKA040706 | ||
| 651 | 4 | _aEUROPE | |
| 690 | _aPROPERTY-PROPERTY FINANCE AND INVESTMENT-PROPERTY INVESTMENT MANAGEMENT | ||
| 942 | _n0 | ||
| 999 |
_c105512 _d105512 |
||